| 000 | 01051cam a22002775a 4500 | ||
|---|---|---|---|
| 001 | 14701197 | ||
| 005 | 20201128024120.0 | ||
| 008 | 070117t2008 flua frb 001 0 eng d | ||
| 020 | _a9781584886785 | ||
| 020 | _a1584886781 | ||
| 040 |
_aDLC _cDLC _dUKM _dBAKER _dBTCTA _dC#P _dYDXCP _dDLC _dEG-ScBUE _beng |
||
| 082 | 0 | 4 |
_222 _a004.33 _bHAN |
| 245 | 0 | 0 |
_aHandbook of real-time and embedded systems / _cedited by Insup Lee, Joseph Y-T. Leung, Sang H. Son. |
| 260 |
_aBoca Raton : _bChapman & Hall / CRC / Taylor & Francis Group, _cc.2008. |
||
| 300 |
_a1 v. (various pagings) : _bill. ; _c27 cm. |
||
| 490 | 0 | _aChapman & Hall/CRC computer and information science series | |
| 504 | _aIncludes bibliographical references and index. | ||
| 650 | 7 |
_aReal-time data processing. _2BUEsh _923169 |
|
| 650 | 7 |
_aEmbedded computer systems _xProgramming. _2BUEsh _92646 |
|
| 651 | _2BUEsh | ||
| 653 |
_bCOMSCI _cJanuary2017 |
||
| 700 | 1 |
_aLee, Insup, _eeditor. |
|
| 700 | 1 |
_aLeung, Joseph Y-T., _eeditor. |
|
| 700 | 1 |
_aSon, Sang H., _eeditor. _936996 |
|
| 942 | _2ddc | ||
| 999 |
_c23914 _d23886 |
||